Detalles MARC
| 000 -LIDER |
| fixed length control field |
00863nam a2200301 b 4500 |
| 001 - NÚMERO DE CONTROL |
| Identificador de número de control |
|
| 003 - IDENTIFICACDOR DE NÚMERO DE CONTROL |
| control field |
DO-SdBNP |
| 005 - DATE AND TIME OF LATEST TRANSACTION |
| control field |
20180221103939.0 |
| 008 - ELEMENTOS DE LONGITUD FIJA |
| fixed length control field |
970926s1996 sp | ||| ||spa |
| 016 7# - NO. DE CONTROL DE LA AGENCIA BIB. NACIONAL |
| Record control number |
|
| Source |
BPMSU |
| 017 ## - NÚMERO DE REGISTRO DE DERECHOS DE AUTOR |
| Copyright or legal deposit number |
|
| Assigning agency |
|
| 020 ## - ISBN |
| International Standard Book Number |
8434853140 |
| 035 ## - NÚMERO LOCAL |
| System control number |
(OCoLC) |
| 040 ## - FUENTE DE CATALOGACIÓN |
| Agencia que crea de manera original el registro |
BPMSU |
| Idioma de catalogación |
spa |
| Agencia que realiza la transcripción |
BPMSU |
| Convenciones de la despripción |
dr |
| 041 1# - CÓDIGOS DE OBRAS TRADUCIDAS O EN VARIOS IDIOMAS |
| Código del idioma del texto/archivo de sonido o separata |
spa |
| Cód. del idioma original y/o traducciones intermedias del texto |
|
| 080 #0 - NÚMERO DE CLASIFICACIÓN DECIMAL UNIVERSAL |
| Universal Decimal Classification number |
|
| 100 1# - ASIENTO PRINCIPAL -- NOMBRE PERSONAL |
| Nombre personal |
Camp, Lindsay |
| 240 14 - TITULO UNIFORME |
| Título uniforme |
The midnight feast |
| Idioma de una obra |
Español |
| 245 13 - MENCIÓN DE TITULO |
| Título |
La fiesta de medianoche / |
| Mención de responsabilidad |
Lindsay Camp, Tony Ross ; traducción del inglés, P. Rozarena |
| 260 ## - PUBLICACIÓN, DISTRIBUCIÓN, ETC. (PIE DE IMPRENTA) |
| Lugar de publicación, distribución, etc |
Madrid : |
| Nombre del editor, distribuidor, etc. |
SM, |
| Fecha de publicación, distribución, etc |
1996 |
| 300 ## - DESCRIPCIÓN FÍSICA |
| Extensión |
56 p : |
| Otros detalles físicos |
il. ; |
| Dimensiones |
23 cm |
| 490 ## - MENCIÓN DE SERIES |
| Mención de serie |
El barco de vapor. |
| -- |
Serie Oro. |
| -- |
Blanca |
| Volume/sequential designation |
8 |
| 700 1# - ASIENTO SECUNDARIO -- NOMBRE PERSONAL |
| Nombre personal |
Ross, Tony |
| Fechas asociadas con el nombre |
1938- |
| 830 ## - ASIENTO SECUNDARIO DE SERIE--TÍTULO UNIFORME |
| Título uniforme |
El barco de vapor. |
| Nombre de la parte o sección de una obra |
Serie Oro. |
| Volume number/sequential designation |
8 |
| 942 ## - ADDED ENTRY ELEMENTS (KOHA) |
| Source of classification or shelving scheme |
Dewey Decimal Classification |
| Koha item type |
Libros |
| 945 ## - INFORMACIÓN DE PROCESAMIENTO LOCAL |
| Información de procesamiento local |
inventariado, 2018 / dg |
| 956 ## - LOCAL ELECTRONIC LOCATION AND ACCESS (OCLC) |
| Nombre de host |
VMATEO |
| Número de acceso |
10 |
| Información de compresión |
20170116 |
| Trayectoria |
BPMSU |
| Nombre Electrónico |
0069 |